| 000 | 00611nam a2200181 i 4500 | ||
|---|---|---|---|
| 001 | 75154 | ||
| 003 | ES-MaACL | ||
| 005 | 20230906172343.0 | ||
| 007 | t| | ||
| 008 | 040922s1907 fr ||||1| fre d | ||
| 100 | 1 |
_aGoodnow, Frank Johnson. _959111 |
|
| 245 | 1 | 4 |
_aLes principes du droit administratif des Etats-Unis / _cpar Frank J. Goodnow ; traduction français par A. et Gaston Jèze. |
| 260 |
_a[S.l ; _aLaval : _bs.n., _c1907] ( _eLaval : _fL. Barnéoud) |
||
| 300 |
_aX, 613 p. ; _c22 cm. |
||
| 700 | 1 |
_aJéze, Alb. _966387 |
|
| 700 | 1 |
_aJèze, Gaston ( _d1869-1953) _9154478 |
|
| 852 |
_aES-MaACL _jF-3117 |
||
| 999 |
_c75154 _d75154 |
||